100 Largest United States Metros by Satellite Image - Statistics

General Stats
  • This quiz has been taken 20 times
  • The average score is 70 of 100
Answer Stats
Picture Answer % Correct
Las Vegas
94%
Miami
94%
New York
94%
Phoenix
94%
Chicago
89%
Cleveland
89%
Detroit
89%
Honolulu
89%
Jackson
89%
Jacksonville
89%
Philadelphia
89%
Pittsburgh
89%
Portland
89%
San Diego
89%
San Francisco
89%
Seattle
89%
Austin
83%
Baltimore
83%
Boise
83%
Boston
83%
Buffalo
83%
Dallas
83%
Denver
83%
Los Angeles
83%
Memphis
83%
Minneapolis
83%
Nashville
83%
New Orleans
83%
Omaha
83%
San Antonio
83%
St. Louis
83%
Tucson
83%
Washington
83%
Albany
78%
Atlanta
78%
Charlotte
78%
Cincinnati
78%
Colorado Springs
78%
Des Moines
78%
El Paso
78%
Houston
78%
Kansas City
78%
Louisville
78%
Madison
78%
Milwaukee
78%
Orlando
78%
Providence
78%
Richmond
78%
Salt Lake City
78%
San Jose
78%
Tampa
78%
Virginia Beach
78%
Baton Rouge
72%
Birmingham
72%
Columbus
72%
Indianapolis
72%
Little Rock
72%
Oklahoma City
72%
Raleigh
72%
Sacramento
72%
Tulsa
72%
Bakersfield
67%
Charleston
67%
Dayton
67%
Durham
67%
Harrisburg
67%
Reno
67%
Rochester
67%
Spokane
67%
Bridgeport
61%
Cape Coral
61%
Fresno
61%
Hartford
61%
Knoxville
61%
Riverside
61%
Syracuse
61%
Toledo
61%
Wichita
61%
Akron
56%
Columbia
56%
Grand Rapids
56%
New Haven
56%
Allentown
50%
Augusta
50%
Brevard County
50%
Greensboro
50%
McAllen
50%
Chattanooga
44%
Daytona Beach Area
44%
Fayetteville
44%
Sarasota
44%
Stockton
44%
Worcester
44%
Oxnard
39%
Provo
39%
Winston-Salem
39%
Lakeland
33%
Ogden
33%
Greenville
28%
Poughkeepsie
17%
No matching quizzes found
Score Distribution
Percent of People with Each Score
Percentile by Number Answered
Your Score History
You have not taken this quiz